Relationship between yield attributes and ionic composition of latex in Hevea clones (Record no. 49628)

MARC details
000 -LEADER
fixed length control field 00521nam a2200157Ia 4500
100 ## - MAIN ENTRY--AUTHOR NAME
Personal name Thomas M
245 #0 - TITLE STATEMENT
Title Relationship between yield attributes and ionic composition of latex in Hevea clones
260 ## - PUBLICATION, DISTRIBUTION, ETC. (IMPRINT)
Name of publisher IRRI-IRRDB International Rubber Conference 2009, 26-27 October 2009, Bogor, Indonesia, Paper 17.
Year of publication 2009
700 ## - ADDED ENTRY--PERSONAL NAME
Personal name Abraham J
700 ## - ADDED ENTRY--PERSONAL NAME
Personal name Gopalakrishnan J
700 ## - ADDED ENTRY--PERSONAL NAME
Personal name Jacob J
700 ## - ADDED ENTRY--PERSONAL NAME
Personal name Krishnakumar R.
700 ## - ADDED ENTRY--PERSONAL NAME
Personal name Prasannakumari P.
942 ## - ADDED ENTRY ELEMENTS (KOHA)
Koha item type Bibliography STAF
Holdings
Withdrawn status Lost status Damaged status Not for loan Home library Current library Shelving location Date acquired Koha item type
      Bibliography RRII Library RRII Library Crop physiology 01/12/2009 Bibliography STAF